Generátor plošinových hier

Salvato in:
Dettagli Bibliografici
Autore principale: Trstenský, Branislav (Autore)
Altri autori: Pecháč, Matej (Relatore della tesi)
Natura: Manoscritto Libro
Lingua:slovacco
Pubblicazione: 2025
Soggetti:
Accesso online:http://is.stuba.sk/zp/portal_zp.pl?podrobnosti=175378
Tags: Aggiungi Tag
Nessun Tag, puoi essere il primo ad aggiungerne!!

MARC

LEADER 00000ntm a22000003a 4500
001 stuzp102843
003 SK-STU
005 20250614211545.3
007 ta
008 150427s2015----xo-----f-mn---000-0-slo-d
040 |a STU  |b slo 
041 0 |a slo 
100 1 |a Trstenský, Branislav  |u 070200  |4 aut  |U FIIT Fakulta informatiky a informačných technológií  |T FIIT Ústav informatiky, informačných systémov a softvérového inžinierstva  |X 120896  |U I200  |Y 179  |7 120896 
242 0 1 |a Platform game generator  |y eng 
245 1 0 |a Generátor plošinových hier 
260 |c 2025 
650 4 |a python  |2 eng 
650 4 |a machine learning  |2 eng 
650 4 |a generation  |2 eng 
650 4 |a game  |2 eng 
650 4 |a python  |2 slo 
650 4 |a generátor  |2 slo 
650 4 |a hra  |2 slo 
650 4 |a strojové učenie  |2 slo 
700 1 |a Pecháč, Matej  |4 ths  |X 131097  |7 131097 
856 4 |u http://is.stuba.sk/zp/portal_zp.pl?podrobnosti=175378